000
00321nam a2200133Ia 4500
005
20251222155141.0
008
251222s9999||||xx |||||||||||||| ||spa||
082
_a
ANT.51
100
_a
MONGE Miguel Angel.
245
0
_a
Medicina Pastoral cuestiones de biologĂa
250
_a
3ra. ed.
264
_b
Eusa
942
_c
LIB
999
_c
39204
_d
39204